Stereochemistry

Gespeichert in:
Bibliographische Detailangaben
Format: Buch
Veröffentlicht: Berlin : Akademie Verlag, 1985
Tags: Tag hinzufügen
Keine Tags, Fügen Sie das erste Tag hinzu!

MARC

LEADER 00000nam a22000003a 4500
001 stu19782
005 20150408181427.9
008 ------s1985----gw----------------------d
040 |a STU  |b slo 
041 0
044 |a gw 
080 |a 541.251 
245 |a Stereochemistry 
260 |a Berlin :  |b Akademie Verlag,  |c 1985 
300 |a 250 s :  |b Tab.,grafy,lit 
996 |b C78592  |c C*78592  |l CCIV  |s P  |a 0  |w stu19782_0001